000 00781nam a22001937a 4500
999 _c372211
_d372211
008 201127b ||||| |||| 00| 0 eng d
040 _aDE-2950
_bger
_cDE-2950
_erda
041 _ager
245 _aDas Messegelände soll grün und digital werden.
_bImmobilien. Angesichts eines hohen Defizits des Unternehmens wird ein Verkauf des Areals immer wahrscheinlicher. Acuh ein Filmstandort ist im Gespräch/
_cHeinz Kannenberg
264 _c2023
653 _aFrankfurt (Oder)
653 _aMessegelände
653 _aVerkauf
773 _dFrankfurt (Oder) Märkisches Verlags- und Druckhaus GmbH & Co KG
_tMärkische Oderzeitung
_g34. Jahrgang (2023) Nr. 34 vom 09.02.2023, S.15: mit Foto
942 _cA